| 000 | 00590nam a2200157 4500 | ||
|---|---|---|---|
| 001 | 120112 | ||
| 003 | ES-MaACL | ||
| 005 | 20230906191452.0 | ||
| 007 | t| | ||
| 008 | 070214s1960 sp r ||||1| spa d | ||
| 100 | 1 |
_aPérez de Vega, Francisco. _990814 |
|
| 245 | 1 | 4 |
_aLas lenguas aborígenes _b: contribución a la lingüística comparativa e histórica de los idiomas aborígenes americanos y su correlación con las lenguas orientales / _cFrancisco Pérez de Vega. |
| 260 |
_aMadrid : _bCiencia, _c1960. |
||
| 300 |
_a170 p., 2 lám. ; _c24 cm. |
||
| 852 |
_aES-MaACL _jC-19160 _bR.45799 |
||
| 999 |
_c120112 _d120112 |
||